[Event "Seniorenkampioenschap 2008"]
[Site "Oosterbeek"]
[Date "2008.07.05"]
[Round "1"]
[White "Scholten, K.R.."]
[Black "Hartoch, R.G.."]
[Result "1/2-1/2"]
[WhiteElo "1968"]
[BlackElo "2216"]
[PlyCount "41"]
[EventDate "2008.07.07"]
[EventType "swiss"]
[EventRounds "7"]
[EventCountry "NED"]

1. e4 g6 2. d4 Bg7 3. Nc3 c6 4. Be3 d6 5. Qd2 Nd7 6. Be2 Ngf6 7. f4 b5 8. e5 b4
9. exf6 bxc3 10. Qxc3 Bxf6 11. Nf3 Bb7 12. Qd2 Bg7 13. O-O Nf6 14. Kh1 O-O 15.
c4 a5 16. Rac1 Qd7 17. Qd3 Rfb8 18. Bd2 Bc8 19. b3 Qc7 20. Qc2 c5 21. Bc3
1/2-1/2

[Event "Seniorenkampioenschap 2008"]
[Site "Oosterbeek"]
[Date "2008.07.05"]
[Round "1"]
[White "Berg, A.M.J. van den"]
[Black "Grotenhuis, G.H.."]
[Result "1-0"]
[WhiteElo "2204"]
[BlackElo "1958"]
[PlyCount "85"]
[EventDate "2008.07.07"]
[EventType "swiss"]
[EventRounds "7"]
[EventCountry "NED"]

1. c4 f5 2. b3 Nf6 3. Bb2 e6 4. g3 d5 5. Bg2 c6 6. Nf3 Bd6 7. O-O Nbd7 8. d3
O-O 9. Nbd2 Qe8 10. e4 dxe4 11. dxe4 Ng4 12. exf5 exf5 13. h3 Ngf6 14. Re1 Qh5
15. Nd4 Nc5 16. N2f3 Nce4 17. Nh4 Nxg3 18. fxg3 Bxg3 19. Qxh5 Nxh5 20. Nhf3
Bxe1 21. Rxe1 Bd7 22. Re7 Rf7 23. Rxf7 Kxf7 24. Ne5+ Ke8 25. Nxd7 Kxd7 26. Nxf5
g6 27. Nd4 Nf4 28. Bf1 Rd8 29. Bc1 Rf8 30. Be3 g5 31. Nf3 Nd5 32. cxd5 Rxf3 33.
dxc6+ bxc6 34. Bxa7 Kd6 35. Bf2 Rc3 36. Kg2 h5 37. Bc4 Ke5 38. a4 Kf4 39. a5 g4
40. hxg4 hxg4 41. a6 Rc2 42. a7 Ra2 43. b4 1-0

[Event "Seniorenkampioenschap 2008"]
[Site "Oosterbeek"]
[Date "2008.07.05"]
[Round "1"]
[White "Rooi, P. de"]
[Black "Markus, J.R.."]
[Result "1/2-1/2"]
[WhiteElo "1951"]
[BlackElo "2148"]
[PlyCount "95"]
[EventDate "2008.07.07"]
[EventType "swiss"]
[EventRounds "7"]
[EventCountry "NED"]

1. e4 g6 2. d4 d6 3. Nf3 Bg7 4. Nc3 a6 5. Be3 b5 6. d5 c5 7. dxc6 Nxc6 8. Nd5
Rb8 9. Nd4 Bd7 10. Nxc6 Bxc6 11. Bd4 Nf6 12. Nxf6+ exf6 13. Bd3 O-O 14. f3 Rb7
15. O-O Rd7 16. c3 d5 17. exd5 Bxd5 18. Qc2 f5 19. Bxg7 Kxg7 20. a4 Qf6 21.
axb5 axb5 22. Rf2 Qb6 23. Qe2 Bc4 24. Bxc4 bxc4 25. Rd1 Rxd1+ 26. Qxd1 Rd8 27.
Qe2 f4 28. g4 fxg3 29. hxg3 Qc5 30. Kg2 Rd3 31. Qe4 Re3 32. Qf4 h5 33. Rd2 Rd3
34. Rxd3 cxd3 35. Qd2 Qd5 36. b4 f6 37. Kf2 g5 38. Ke3 Qe5+ 39. Kf2 h4 40. gxh4
Qh2+ 41. Ke3 Qxd2+ 42. Kxd2 gxh4 43. b5 h3 44. b6 h2 45. b7 h1=Q 46. b8=Q Qxf3
47. Qa7+ Kf8 48. Qe3 1/2-1/2

[Event "Seniorenkampioenschap 2008"]
[Site "Oosterbeek"]
[Date "2008.07.05"]
[Round "1"]
[White "Graaf, R.A.G. de"]
[Black "Mostertman, L.G.."]
[Result "1/2-1/2"]
[WhiteElo "2143"]
[BlackElo "1942"]
[PlyCount "82"]
[EventDate "2008.07.07"]
[EventType "swiss"]
[EventRounds "7"]
[EventCountry "NED"]

1. d4 Nf6 2. Nf3 c5 3. c3 b6 4. dxc5 bxc5 5. e4 Bb7 6. e5 Nd5 7. Bd3 e6 8. O-O
Be7 9. Na3 Nb6 10. Nb5 c4 11. Bc2 O-O 12. Re1 Na6 13. Nd6 Bd5 14. b4 f5 15. a4
Nc8 16. Nxf5 Kh8 17. Nxe7 Bxf3 18. gxf3 Nxe7 19. Bg5 Nc7 20. Be4 Rc8 21. f4 Qe8
22. Re3 Nf5 23. Rh3 h6 24. Bh4 Qg6+ 25. Bg3 Qf7 26. f3 Nd5 27. Bxd5 exd5 28.
Bf2 Rc6 29. Bxa7 Rg6+ 30. Kh1 d6 31. Bf2 Qe6 32. Qf1 dxe5 33. a5 e4 34. Bc5 Ra8
35. b5 e3 36. a6 e2 37. Qf2 Nd4 38. Bxd4 Qxh3 39. Qxe2 Qd7 40. b6 Qb5 41. Qc2
Rxb6 1/2-1/2

[Event "Seniorenkampioenschap 2008"]
[Site "Oosterbeek"]
[Date "2008.07.05"]
[Round "1"]
[White "Berge, H.J.M. ten"]
[Black "Etmans, M.D.."]
[Result "1/2-1/2"]
[WhiteElo "1941"]
[BlackElo "2135"]
[PlyCount "92"]
[EventDate "2008.07.07"]
[EventType "swiss"]
[EventRounds "7"]
[EventCountry "NED"]

1. e4 g6 2. d4 c6 3. Nc3 d5 4. Be3 dxe4 5. Nxe4 Nh6 6. Qd2 Nf5 7. O-O-O Nxe3 8.
fxe3 Bg7 9. Nf3 O-O 10. h4 Bg4 11. Nf2 Bxf3 12. gxf3 Qd5 13. Kb1 Qxf3 14. Rh3
Qd5 15. e4 Qd6 16. e5 Qc7 17. Ne4 Nd7 18. h5 Nxe5 19. dxe5 Qxe5 20. Nc3 b5 21.
Qe3 Qf6 22. Rf3 Qh4 23. hxg6 hxg6 24. Qe4 Qxe4 25. Nxe4 f5 26. Nc5 e5 27. Rfd3
Rf6 28. Rd8+ Rxd8 29. Rxd8+ Rf8 30. Ne6 Rxd8 31. Nxd8 g5 32. Nxc6 Kf7 33. c3 g4
34. Kc2 a6 35. Kd3 e4+ 36. Ke3 Bh6+ 37. Kf2 Kf6 38. Nd4 f4 39. a4 e3+ 40. Kg2
bxa4 41. Bxa6 f3+ 42. Nxf3 gxf3+ 43. Kxf3 e2 44. Kxe2 Bc1 45. Bb5 Bxb2 46. Bxa4
Bxc3 1/2-1/2

[Event "Seniorenkampioenschap 2008"]
[Site "Oosterbeek"]
[Date "2008.07.05"]
[Round "1"]
[White "Piket, J.J.."]
[Black "Plijter, M.W.."]
[Result "0-1"]
[WhiteElo "2101"]
[BlackElo "1935"]
[PlyCount "30"]
[EventDate "2008.07.07"]
[EventType "swiss"]
[EventRounds "7"]
[EventCountry "NED"]

1. d4 Nf6 2. Bg5 d5 3. Bxf6 exf6 4. e3 Bf5 5. a3 c6 6. c4 Qb6 7. Qc1 Na6 8.
cxd5 cxd5 9. Nc3 Rc8 10. Bb5+ Kd8 11. Qd2 Rxc3 12. Qxc3 Qxb5 13. Ne2 Nb4 14.
Kd2 Bd6 15. Nf4 Kd7 0-1

[Event "Seniorenkampioenschap 2008"]
[Site "Oosterbeek"]
[Date "2008.07.05"]
[Round "1"]
[White "Taal, A.P.."]
[Black "Ruiter, T. de"]
[Result "1/2-1/2"]
[WhiteElo "1930"]
[BlackElo "2093"]
[PlyCount "62"]
[EventDate "2008.07.07"]
[EventType "swiss"]
[EventRounds "7"]
[EventCountry "NED"]

1. d4 Nf6 2. Nf3 g6 3. Nbd2 Bg7 4. e4 d6 5. Bd3 O-O 6. O-O Nc6 7. Re1 e5 8.
dxe5 dxe5 9. Nc4 Nh5 10. Bg5 f6 11. Be3 Qe7 12. c3 Be6 13. Qc2 Rfd8 14. Bf1 Qf7
15. Ncd2 Bf8 16. b3 Ng7 17. Rad1 a6 18. Bc4 b5 19. Bxe6 Nxe6 20. b4 a5 21. a4
axb4 22. axb5 bxc3 23. bxc6 cxd2 24. Rxd2 Bb4 25. Rxd8+ Nxd8 26. Rd1 Qe6 27.
Rc1 Bd6 28. Qd3 Ra3 29. Qb5 Qb3 30. Qxb3+ Rxb3 31. Nd2 Rb8 1/2-1/2

[Event "Seniorenkampioenschap 2008"]
[Site "Oosterbeek"]
[Date "2008.07.05"]
[Round "1"]
[White "Leeuwen, E. van"]
[Black "Nagel, J.G.."]
[Result "1-0"]
[WhiteElo "2060"]
[BlackElo "1925"]
[PlyCount "109"]
[EventDate "2008.07.07"]
[EventType "swiss"]
[EventRounds "7"]
[EventCountry "NED"]

1. e4 e5 2. Nf3 Nc6 3. d4 exd4 4. Bc4 Nf6 5. e5 d5 6. Bb5 Ne4 7. Nxd4 Bd7 8.
Bxc6 bxc6 9. O-O Bc5 10. f3 Ng5 11. Be3 Ne6 12. c3 O-O 13. f4 f5 14. b4 Bb6 15.
Nd2 Qe7 16. N2b3 Nxd4 17. Bxd4 Bxd4+ 18. Qxd4 Be6 19. Rfe1 Kf7 20. Qd1 Rfd8 21.
Nd4 Qd7 22. Qa4 c5 23. Qxd7+ Rxd7 24. bxc5 a6 25. Rab1 Rdd8 26. Rb7 Rdc8 27.
Reb1 Bd7 28. Kf2 g6 29. Ke3 Ke7 30. g3 Kf7 31. Kd2 Ke7 32. Kd3 Kf7 33. c6 Be6
34. Nb3 Ke7 35. Kd4 Kf7 36. Nc5 Ke7 37. R1b6 a5 38. Ra6 Rxa6 39. Nxa6 Kd8 40.
Nc5 Ke7 41. Ra7 Bf7 42. Rxa5 Be8 43. Nd7 Bxd7 44. cxd7 Kxd7 45. Rxd5+ Ke6 46.
Kc5 Ra8 47. Rd2 Ra3 48. c4 Ra6 49. Kb5 Rb6+ 50. Ka5 h6 51. Rd6+ Rxd6 52. exd6
Kxd6 53. Kb5 g5 54. a4 c6+ 55. Kb6 1-0

[Event "Seniorenkampioenschap 2008"]
[Site "Oosterbeek"]
[Date "2008.07.05"]
[Round "1"]
[White "Wouters, J.T.M.."]
[Black "Caspel, R.D.J. van"]
[Result "1/2-1/2"]
[WhiteElo "1922"]
[BlackElo "2056"]
[PlyCount "45"]
[EventDate "2008.07.07"]
[EventType "swiss"]
[EventRounds "7"]
[EventCountry "NED"]

1. e4 c6 2. d4 g6 3. Nc3 d5 4. e5 Bg7 5. Nge2 f6 6. f4 Nh6 7. Ng3 Bg4 8. Be2 f5
9. h3 Bxe2 10. Ngxe2 e6 11. Be3 Nd7 12. Qd2 Bf8 13. Na4 a5 14. Nc5 Nxc5 15.
dxc5 a4 16. Qb4 Qa5 17. c3 Qxb4 18. cxb4 Kd7 19. a3 Be7 20. Nd4 Rhg8 21. Nf3
Nf7 22. g4 h5 23. g5 1/2-1/2

[Event "Seniorenkampioenschap 2008"]
[Site "Oosterbeek"]
[Date "2008.07.05"]
[Round "1"]
[White "Monté,  P.J.."]
[Black "Duijn, R. van"]
[Result "1-0"]
[WhiteElo "2044"]
[BlackElo "1919"]
[PlyCount "65"]
[EventDate "2008.07.07"]
[EventType "swiss"]
[EventRounds "7"]
[EventCountry "NED"]

1. f4 d5 2. Nf3 Nc6 3. e3 Bg4 4. d4 Nf6 5. Be2 g6 6. O-O Bg7 7. b3 Ne4 8. Bb2
O-O 9. Qe1 a5 10. h3 Bc8 11. Nbd2 Nb4 12. Bd1 c5 13. Ne5 Nc6 14. Bf3 Nxe5 15.
dxe5 Nxd2 16. Qxd2 e6 17. Rfd1 Qe7 18. c4 dxc4 19. bxc4 Ra6 20. Rab1 a4 21. Ba3
g5 22. Rb5 b6 23. Qd6 Qa7 24. Rdb1 Re8 25. Rxb6 Bf8 26. Qc6 Rxb6 27. Qxb6 Qd7
28. Rd1 Qe7 29. Bc6 gxf4 30. exf4 Qh4 31. Bxe8 Qxf4 32. Qc7 Ba6 33. Rf1 1-0

[Event "Seniorenkampioenschap 2008"]
[Site "Oosterbeek"]
[Date "2008.07.05"]
[Round "1"]
[White "Arp,  F.L.."]
[Black "Wilmink, J.."]
[Result "1-0"]
[WhiteElo "1913"]
[BlackElo "2024"]
[PlyCount "53"]
[EventDate "2008.07.07"]
[EventType "swiss"]
[EventRounds "7"]
[EventCountry "NED"]

1. e4 c5 2. Nf3 d6 3. d4 cxd4 4. Nxd4 Nf6 5. Nc3 g6 6. Be3 Bg7 7. f3 Nc6 8. Qd2
O-O 9. Bc4 Bd7 10. O-O-O Qa5 11. Kb1 Rfc8 12. Bb3 Ne5 13. Nd5 Qd8 14. g4 b5 15.
h4 Nxd5 16. Bxd5 Nc4 17. Bxc4 Rxc4 18. h5 Rac8 19. hxg6 hxg6 20. Qh2 e5 21.
Qh7+ Kf8 22. Bh6 Bxh6 23. Qxh6+ Ke8 24. g5 Bc6 25. Nf5 gxf5 26. Rxd6 Qe7 27.
Qh8+ 1-0

[Event "Seniorenkampioenschap 2008"]
[Site "Oosterbeek"]
[Date "2008.07.05"]
[Round "1"]
[White "Goossen, T.P.."]
[Black "Peut, A. van der"]
[Result "1-0"]
[WhiteElo "2019"]
[BlackElo "1893"]
[PlyCount "59"]
[EventDate "2008.07.07"]
[EventType "swiss"]
[EventRounds "7"]
[EventCountry "NED"]

1. e4 e6 2. d4 d5 3. Nd2 c5 4. exd5 Qxd5 5. Ngf3 cxd4 6. Bc4 Qd6 7. O-O Nf6 8.
Nb3 Nc6 9. Nbxd4 Nxd4 10. Nxd4 a6 11. c3 Qc7 12. Bd3 Bd6 13. h3 O-O 14. Bg5 Be7
15. Qe2 h6 16. Bh4 g5 17. Bg3 Bd6 18. Rad1 Bf4 19. Bxf4 Qxf4 20. g3 Qc7 21. Bb1
b5 22. Kh2 Kg7 23. Rde1 Re8 24. f4 g4 25. h4 h5 26. Qd2 Nh7 27. Re5 Bb7 28.
Bxh7 Kxh7 29. Rxh5+ Kg7 30. f5 1-0

[Event "Seniorenkampioenschap 2008"]
[Site "Oosterbeek"]
[Date "2008.07.06"]
[Round "2"]
[White "Monté,  P.J.."]
[Black "Vogel, J.."]
[Result "1/2-1/2"]
[WhiteElo "2044"]
[BlackElo "2241"]
[PlyCount "65"]
[EventDate "2008.07.07"]
[EventType "swiss"]
[EventRounds "7"]
[EventCountry "NED"]

1. f4 d5 2. Nf3 g6 3. e3 Bg4 4. Be2 Bg7 5. O-O Nd7 6. d4 Ngf6 7. Nbd2 O-O 8. h3
Bxf3 9. Bxf3 c5 10. c3 Qc7 11. Qe1 e6 12. Be2 a6 13. Bd3 b5 14. a3 Rab8 15. g4
a5 16. Kg2 Qc6 17. Kh2 c4 18. Bc2 Ne4 19. Nxe4 dxe4 20. Bd2 f5 21. Rd1 Nf6 22.
Rg1 Nd5 23. Rg3 Kh8 24. Rg2 Rf7 25. gxf5 exf5 26. Rc1 Rc7 27. Bd1 Qd6 28. Be2
Bf6 29. Kh1 Qe7 30. Qg1 Bh4 31. Bf1 Rbc8 32. Kh2 Qd6 33. Kh1 1/2-1/2

[Event "Seniorenkampioenschap 2008"]
[Site "Oosterbeek"]
[Date "2008.07.06"]
[Round "2"]
[White "Goossen, T.P.."]
[Black "Berg, A.M.J. van den"]
[Result "1/2-1/2"]
[WhiteElo "2019"]
[BlackElo "2204"]
[PlyCount "92"]
[EventDate "2008.07.07"]
[EventType "swiss"]
[EventRounds "7"]
[EventCountry "NED"]

1. e4 c5 2. Nf3 Nc6 3. d4 cxd4 4. Nxd4 Nf6 5. Nc3 d6 6. g3 e5 7. Nde2 h6 8. Bg2
Be7 9. h3 Be6 10. Nd5 Bxd5 11. exd5 Nb8 12. O-O Nbd7 13. a4 a5 14. c4 Rc8 15.
b3 Nc5 16. Nc3 O-O 17. Nb5 Ne8 18. Be3 Bg5 19. f4 exf4 20. Bxf4 Bxf4 21. Rxf4
Nf6 22. Qf3 Qb6 23. Kh2 Ncd7 24. Qf2 Qxf2 25. Rxf2 Ne8 26. Nd4 g6 27. h4 h5 28.
Re2 Ne5 29. Bh3 Rd8 30. Kg2 Nf6 31. Rf1 Nfg4 32. Bxg4 hxg4 33. Nb5 f6 34. Nc7
Rf7 35. Ne6 Re8 36. Rf4 b6 37. Re3 f5 38. Rf1 Nf3 39. Rd1 g5 40. hxg5 Nxg5 41.
Rdd3 Ne4 42. Re1 Nc5 43. Rde3 Rfe7 44. Rb1 Nxe6 45. dxe6 Rxe6 46. Rxe6 Rxe6
1/2-1/2

[Event "Seniorenkampioenschap 2008"]
[Site "Oosterbeek"]
[Date "2008.07.06"]
[Round "2"]
[White "Plijter, M.W.."]
[Black "Leeuwen, E. van"]
[Result "1-0"]
[WhiteElo "1935"]
[BlackElo "2060"]
[PlyCount "85"]
[EventDate "2008.07.07"]
[EventType "swiss"]
[EventRounds "7"]
[EventCountry "NED"]

1. e4 d5 2. exd5 Nf6 3. Bb5+ Bd7 4. Bc4 Bg4 5. f3 Bf5 6. g4 Bg6 7. Nc3 c6 8. h4
h5 9. dxc6 Nxc6 10. g5 Nd7 11. d4 e6 12. Nge2 Nb6 13. Bb3 Bd6 14. Ne4 Bb8 15.
c3 Nd5 16. c4 Nde7 17. Be3 O-O 18. Qd2 Na5 19. Qc3 Nxb3 20. Qxb3 Nf5 21. Bf2
Nd6 22. N2c3 Qa5 23. Nxd6 Bxd6 24. Qb5 Qc7 25. Qb3 a6 26. Rd1 Bf5 27. Ne2 Rac8
28. c5 Qa5+ 29. Kf1 Bc7 30. Be1 Qb5 31. Qxb5 axb5 32. Nc3 Bf4 33. Ne4 Rfd8 34.
Ke2 b6 35. Bb4 Bxe4 36. fxe4 e5 37. Kf3 Kh7 38. cxb6 Rc4 39. a3 Rb8 40. Bd6
Rxb6 41. dxe5 Bxe5 42. Bxe5 Re6 43. Bd4 1-0

[Event "Seniorenkampioenschap 2008"]
[Site "Oosterbeek"]
[Date "2008.07.06"]
[Round "2"]
[White "Hartoch, R.G.."]
[Black "Arp,  F.L.."]
[Result "1/2-1/2"]
[WhiteElo "2216"]
[BlackElo "1913"]
[PlyCount "44"]
[EventDate "2008.07.07"]
[EventType "swiss"]
[EventRounds "7"]
[EventCountry "NED"]

1. Nf3 Nf6 2. g3 g6 3. Bg2 Bg7 4. O-O O-O 5. d4 d6 6. c4 c5 7. Nc3 Nbd7 8. b3
a6 9. Bb2 Rb8 10. a4 cxd4 11. Nxd4 Nc5 12. b4 Ne6 13. Nd5 Nxd5 14. cxd5 Nc7 15.
Qd2 e5 16. dxe6 fxe6 17. e4 e5 18. Nc2 Be6 19. Ne3 Qe7 20. Rac1 Rbc8 21. Rc3
Rfd8 22. Rfc1 Qd7 1/2-1/2

[Event "Seniorenkampioenschap 2008"]
[Site "Oosterbeek"]
[Date "2008.07.06"]
[Round "2"]
[White "Markus, J.R.."]
[Black "Berge, H.J.M. ten"]
[Result "1-0"]
[WhiteElo "2148"]
[BlackElo "1941"]
[PlyCount "51"]
[EventDate "2008.07.07"]
[EventType "swiss"]
[EventRounds "7"]
[EventCountry "NED"]

1. d4 e6 2. Nf3 Nf6 3. Bg5 c5 4. e3 Qb6 5. Bxf6 Qxb2 6. Nbd2 gxf6 7. Bd3 d5 8.
Rb1 Qc3 9. O-O c4 10. Bxc4 dxc4 11. Ne4 Qa5 12. Nxf6+ Ke7 13. Ne5 Nc6 14. Qh5
Nxe5 15. dxe5 Bg7 16. Rfd1 Rd8 17. Qg5 Bf8 18. Nxh7+ Ke8 19. Nxf8 b5 20. Nh7
Bb7 21. Nf6+ Kf8 22. h4 Rd2 23. Rxd2 Qxd2 24. Rxb5 Bc6 25. Rc5 Bd5 26. Rc7 1-0

[Event "Seniorenkampioenschap 2008"]
[Site "Oosterbeek"]
[Date "2008.07.06"]
[Round "2"]
[White "Caspel, R.D.J. van"]
[Black "Graaf, R.A.G. de"]
[Result "0-1"]
[WhiteElo "2056"]
[BlackElo "2143"]
[PlyCount "74"]
[EventDate "2008.07.07"]
[EventType "swiss"]
[EventRounds "7"]
[EventCountry "NED"]

1. c4 c6 2. d4 d5 3. e3 Nf6 4. Nf3 e6 5. b3 Nbd7 6. Bb2 Bd6 7. Nbd2 O-O 8. Bd3
b6 9. O-O Bb7 10. Ne5 c5 11. Nxd7 Nxd7 12. cxd5 exd5 13. Qh5 Nf6 14. Qf3 Ne4
15. Rfd1 f5 16. g3 Qe7 17. Qg2 Rac8 18. Qf1 Kh8 19. Ba6 Nxd2 20. Rxd2 c4 21.
Bxb7 Qxb7 22. bxc4 dxc4 23. Rc2 b5 24. Rac1 Rc7 25. Qg2 Qxg2+ 26. Kxg2 Rfc8 27.
Kf1 b4 28. Ke2 a5 29. Ba1 a4 30. Kd1 b3 31. axb3 axb3 32. Re2 c3 33. Bxc3 Rxc3
34. Rxc3 Rxc3 35. e4 Rd3+ 36. Ke1 Rxd4 37. exf5 Kg8 0-1

[Event "Seniorenkampioenschap 2008"]
[Site "Oosterbeek"]
[Date "2008.07.06"]
[Round "2"]
[White "Etmans, M.D.."]
[Black "Rooi, P. de"]
[Result "1-0"]
[WhiteElo "2135"]
[BlackElo "1951"]
[PlyCount "105"]
[EventDate "2008.07.07"]
[EventType "swiss"]
[EventRounds "7"]
[EventCountry "NED"]

1. e3 c5 2. Nf3 Nc6 3. b3 d5 4. Bb2 Nf6 5. Bb5 Bd7 6. O-O e6 7. d3 Be7 8. Nbd2
O-O 9. e4 dxe4 10. dxe4 Qc7 11. e5 Ng4 12. Qe2 a6 13. Bd3 f5 14. exf6 Bxf6 15.
Qe4 Bxb2 16. Qxh7+ Kf7 17. Rab1 Bf6 18. Qh5+ Ke7 19. Qxg4 Rh8 20. h3 Raf8 21.
Rbd1 Ne5 22. Nxe5 Bxe5 23. Ne4 Rf5 24. Rfe1 Rhh5 25. Re3 Be8 26. Rf3 g6 27. Bf1
b5 28. h4 Rxf3 29. gxf3 Bh2+ 30. Kg2 Bf4 31. Ng3 Rd5 32. Rxd5 exd5 33. Bd3 Qd6
34. h5 gxh5 35. Nf5+ Ke6 36. Qg8+ Bf7 37. Qc8+ Qd7 38. Qxa6+ Ke5 39. Qb6 Be6
40. Qb8+ Kf6 41. Qxf4 Bxf5 42. Qxf5+ Qxf5 43. Bxf5 Kxf5 44. a4 c4 45. a5 d4 46.
bxc4 bxc4 47. a6 d3 48. cxd3 c3 49. a7 c2 50. a8=Q c1=Q 51. Qd5+ Kg6 52. Qe6+
Kg7 53. Qe3 1-0

[Event "Seniorenkampioenschap 2008"]
[Site "Oosterbeek"]
[Date "2008.07.06"]
[Round "2"]
[White "Ruiter, T. de"]
[Black "Wouters, J.T.M.."]
[Result "1-0"]
[WhiteElo "2093"]
[BlackElo "1922"]
[PlyCount "69"]
[EventDate "2008.07.07"]
[EventType "swiss"]
[EventRounds "7"]
[EventCountry "NED"]

1. e4 c6 2. d3 d5 3. Nd2 g6 4. Be2 Bg7 5. c3 e5 6. Qc2 Ne7 7. h4 h5 8. Nh3 Nd7
9. Ng5 Nf6 10. Nf1 Qc7 11. Ne3 Ng4 12. f3 Nxe3 13. Bxe3 f6 14. Nh3 Be6 15. Nf2
d4 16. cxd4 exd4 17. Bxd4 Qg3 18. Kf1 O-O 19. Nh3 Bh6 20. Bf2 Qc7 21. Rd1 Rad8
22. b4 Qd7 23. a4 a5 24. Qc3 axb4 25. Qxb4 f5 26. Qb6 Qd6 27. Qc5 fxe4 28. Qxd6
Rxd6 29. Bc5 Nf5 30. Bxd6 Rd8 31. Bf4 exd3 32. Rxd3 Bxf4 33. Rxd8+ Kf7 34. Nxf4
Ng3+ 35. Kg1 1-0

[Event "Seniorenkampioenschap 2008"]
[Site "Oosterbeek"]
[Date "2008.07.06"]
[Round "2"]
[White "Mostertman, L.G.."]
[Black "Scholten, K.R.."]
[Result "1-0"]
[WhiteElo "1942"]
[BlackElo "1968"]
[PlyCount "61"]
[EventDate "2008.07.07"]
[EventType "swiss"]
[EventRounds "7"]
[EventCountry "NED"]

1. e4 c5 2. Ne2 d6 3. g3 Nc6 4. Bg2 e6 5. O-O Nge7 6. c3 g6 7. d4 Bg7 8. d5
exd5 9. exd5 Ne5 10. f4 Ng4 11. h3 Nf6 12. a4 O-O 13. g4 Re8 14. Ng3 Bd7 15. f5
gxf5 16. gxf5 Nexd5 17. Bxd5 Nxd5 18. Qxd5 Qh4 19. Bf4 Bc6 20. Qd2 Re5 21. Na3
Rae8 22. Nc4 Re4 23. b3 Bh6 24. Nxe4 Rxe4 25. Qg2+ Kh8 26. Nxd6 Re7 27. Qg4 Qf6
28. Rae1 Bxf4 29. Qxf4 Rxe1 30. Rxe1 Qxc3 31. Qe5+ 1-0

[Event "Seniorenkampioenschap 2008"]
[Site "Oosterbeek"]
[Date "2008.07.06"]
[Round "2"]
[White "Wilmink, J.."]
[Black "Taal, A.P.."]
[Result "1/2-1/2"]
[WhiteElo "2024"]
[BlackElo "1930"]
[PlyCount "38"]
[EventDate "2008.07.07"]
[EventType "swiss"]
[EventRounds "7"]
[EventCountry "NED"]

1. d4 Nf6 2. c4 e6 3. Nc3 Bb4 4. e3 O-O 5. Bd3 c5 6. a3 Bxc3+ 7. bxc3 d5 8. Nf3
cxd4 9. cxd4 dxc4 10. Bxc4 Qc7 11. Be2 Ne4 12. Bd2 Nxd2 13. Qxd2 Nc6 14. O-O b6
15. Rfc1 Qd6 16. Qc2 Bb7 17. Ng5 g6 18. Qe4 h6 19. Nf3 Na5 1/2-1/2

[Event "Seniorenkampioenschap 2008"]
[Site "Oosterbeek"]
[Date "2008.07.06"]
[Round "2"]
[White "Nagel, J.G.."]
[Black "Piket, J.J.."]
[Result "0-1"]
[WhiteElo "1925"]
[BlackElo "2101"]
[PlyCount "64"]
[EventDate "2008.07.07"]
[EventType "swiss"]
[EventRounds "7"]
[EventCountry "NED"]

1. e4 d6 2. d4 g6 3. Be3 c6 4. Nc3 Bg7 5. Qd2 b5 6. Nf3 a6 7. Bd3 Nd7 8. O-O e5
9. dxe5 dxe5 10. Rad1 Ngf6 11. Bh6 O-O 12. Bxg7 Kxg7 13. Qe3 Qe7 14. h3 h6 15.
Nh2 Nh5 16. Rfe1 Nc5 17. Bf1 b4 18. Ne2 a5 19. Ng4 Bxg4 20. hxg4 Nf6 21. f3 h5
22. gxh5 Nxh5 23. c3 Ne6 24. g3 Rh8 25. Kf2 Nxg3 26. Nxg3 Rh2+ 27. Kg1 Qh4 28.
Re2 Qxg3+ 29. Rg2 Rxg2+ 30. Bxg2 Nf4 31. Rd2 Rd8 32. Kf1 Nxg2 0-1

[Event "Seniorenkampioenschap 2008"]
[Site "Oosterbeek"]
[Date "2008.07.06"]
[Round "2"]
[White "Haitsma, A.H.."]
[Black "Duijn, R. van"]
[Result "0-1"]
[WhiteElo "2011"]
[BlackElo "1919"]
[PlyCount "64"]
[EventDate "2008.07.07"]
[EventType "swiss"]
[EventRounds "7"]
[EventCountry "NED"]

1. d4 c5 2. d5 f5 3. g3 Nf6 4. Bg2 g6 5. b3 Bg7 6. Bb2 O-O 7. c4 d6 8. Nf3 Na6
9. O-O Nc7 10. Qd3 a6 11. a4 b6 12. Nc3 Rb8 13. Nd2 Bd7 14. Rfe1 b5 15. axb5
axb5 16. Qc2 bxc4 17. Nxc4 Nb5 18. e3 g5 19. Red1 Qe8 20. Na4 Qh5 21. f3 f4 22.
e4 Nd4 23. Bxd4 cxd4 24. Nab6 g4 25. Nxd7 Nxd7 26. Ra7 Nc5 27. fxg4 Qxg4 28.
gxf4 d3 29. Rxd3 Nxd3 30. Qxd3 Qxf4 31. Nd2 Qf2+ 32. Kh1 Qxa7 0-1

[Event "Seniorenkampioenschap 2008"]
[Site "Oosterbeek"]
[Date "2008.07.06"]
[Round "2"]
[White "Grotenhuis, G.H.."]
[Black "Peut, A. van der"]
[Result "1-0"]
[WhiteElo "1958"]
[BlackElo "1893"]
[PlyCount "47"]
[EventDate "2008.07.07"]
[EventType "swiss"]
[EventRounds "7"]
[EventCountry "NED"]

1. b3 e5 2. Bb2 Nc6 3. e3 d5 4. Nf3 Bd6 5. Bb5 Qe7 6. d4 Bg4 7. c4 e4 8. h3
Bb4+ 9. Nc3 Bd7 10. cxd5 exf3 11. dxc6 bxc6 12. Qxf3 Qf6 13. Be2 Qg6 14. O-O-O
Ne7 15. Bd3 Bf5 16. e4 Qh6+ 17. Kc2 Bg6 18. h4 Qh5 19. g4 Qa5 20. h5 Bxc3 21.
Bxc3 Qxa2+ 22. Bb2 Rb8 23. Bc4 Rb4 24. hxg6 1-0

[Event "Seniorenkampioenschap 2008"]
[Site "Oosterbeek"]
[Date "2008.07.07"]
[Round "3"]
[White "Vogel, J.."]
[Black "Ruiter, T. de"]
[Result "1/2-1/2"]
[WhiteElo "2241"]
[BlackElo "2093"]
[PlyCount "79"]
[EventDate "2008.07.07"]
[EventType "swiss"]
[EventRounds "7"]
[EventCountry "NED"]

1. Nf3 f5 2. d4 e6 3. g3 d5 4. c4 c6 5. Qc2 Bd6 6. Bf4 Ne7 7. Nbd2 Ng6 8. Bxd6
Qxd6 9. e3 O-O 10. h4 Nd7 11. Be2 b6 12. h5 Ne7 13. h6 g6 14. Qc3 Nf6 15. c5
Qc7 16. Ne5 Ne4 17. Nxe4 fxe4 18. g4 Rb8 19. b4 a5 20. cxb6 Rxb6 21. bxa5 Rb8
22. Qc5 Ra8 23. Qb6 Qa7 24. O-O Qxa5 25. Qxa5 Rxa5 26. Rfc1 Ba6 27. Bxa6 Rxa6
28. Rc2 Rc8 29. Rb1 Ra7 30. Rb6 Kf8 31. Rc5 g5 32. Rb2 Ke8 33. Kf1 Ra6 34. Ke1
Rca8 35. Rcc2 Ng8 36. Rb7 Ne7 37. Rc7 Rxa2 38. Rxa2 Rxa2 39. Nxc6 Nxc6 40. Rxc6
1/2-1/2

[Event "Seniorenkampioenschap 2008"]
[Site "Oosterbeek"]
[Date "2008.07.07"]
[Round "3"]
[White "Berg, A.M.J. van den"]
[Black "Monté,  P.J.."]
[Result "0-1"]
[WhiteElo "2204"]
[BlackElo "2044"]
[PlyCount "77"]
[EventDate "2008.07.07"]
[EventType "swiss"]
[EventRounds "7"]
[EventCountry "NED"]

1. e4 e6 2. d4 d5 3. Nc3 Bb4 4. e5 c5 5. a3 Bxc3+ 6. bxc3 Qc7 7. Nf3 Ne7 8. a4
b6 9. Bb5+ Bd7 10. Bd3 Nbc6 11. O-O c4 12. Be2 f6 13. Re1 O-O-O 14. Ba3 Be8 15.
Bf1 Qd7 16. Qe2 Bf7 17. g3 Rde8 18. h4 Bh5 19. Bh3 f5 20. Bg2 h6 21. Qd2 Reg8
22. Reb1 g5 23. hxg5 Bxf3 24. Bxf3 hxg5 25. Bd6 Kb7 26. a5 Nc8 27. Bc5 f4 28.
axb6 axb6 29. g4 Kc7 30. Ba3 Qh7 31. Kf1 Rg6 32. Ke2 Rh6 33. Bd6+ Kd7 34. Rb2
Rh3 35. Bg2 f3+ 36. Bxf3 Rxf3 37. Kxf3 Qh3+ 38. Ke2 Qxg4+ 39. Ke3 0-1

[Event "Seniorenkampioenschap 2008"]
[Site "Oosterbeek"]
[Date "2008.07.07"]
[Round "3"]
[White "Mostertman, L.G.."]
[Black "Markus, J.R.."]
[Result "0-1"]
[WhiteElo "1942"]
[BlackElo "2148"]
[PlyCount "54"]
[EventDate "2008.07.07"]
[EventType "swiss"]
[EventRounds "7"]
[EventCountry "NED"]

1. e4 d6 2. d4 g6 3. c3 Bg7 4. Bc4 Nf6 5. f3 c6 6. Bb3 O-O 7. Ne2 Nbd7 8. Be3
Qc7 9. Nd2 b5 10. O-O e5 11. h3 Bb7 12. Qe1 d5 13. dxe5 Nxe5 14. Qg3 c5 15. f4
Nd3 16. e5 Nd7 17. Nf3 Nxb2 18. Qh4 Nc4 19. Bxc4 dxc4 20. Ng5 h6 21. Nxf7 Qc6
22. Rf2 Rxf7 23. Rd1 Re8 24. Rd6 Qe4 25. e6 Rxe6 26. Qd8+ Re8 27. Qc7 Nf8 0-1